The Price of Power : Kissinger in the Nixon White House /

Revisión crítica de la política exterior norteamericana durante el primer período presidencial de Richard Nixon, encabezada por Henry A. Kissinger, quien durante dicha etapa (1969-1973) fungió como consejero de seguridad nacional. La colaboración Nixon-Kissinger produjo una serie de triunfos diplomá...

Deskribapen osoa

Gorde:
Xehetasun bibliografikoak
Egile nagusia: Hersh, Seymour M. (autor)
Formatua: Liburua
Hizkuntza:ingelesa
Argitaratua: Nueva York, EUA : Summit Books, 1983, c1983
Gaiak:
Etiketak: Etiketa erantsi
Etiketarik gabe, Izan zaitez lehena erregistro honi etiketa jartzen!

MARC

LEADER 00000nam^a2200000^a^4500
001 000182973
005 20250521000000.0
009 20260310102024.461
020 |a 0-671-50688-9 
037 |a Acervo ITESO - Biblioteca 
041 |a ING 
082 |a 327. 73  |b HER 
100 |a Hersh, Seymour M.  |e (autor) 
245 1 4 |a The Price of Power :  |b Kissinger in the Nixon White House /  |c S.M. Hersh. 
264 4 |a Nueva York, EUA :  |b Summit Books,  |c 1983, c1983 
300 |a 698 p. 
336 |a texto  |b txt  |2 rdacontenido 
337 |a sin mediación  |b n  |2 rdamedio 
338 |a volumen  |b nc  |2 rdasoporte 
520 |a Revisión crítica de la política exterior norteamericana durante el primer período presidencial de Richard Nixon, encabezada por Henry A. Kissinger, quien durante dicha etapa (1969-1973) fungió como consejero de seguridad nacional. La colaboración Nixon-Kissinger produjo una serie de triunfos diplomáticos, entre los que se cuentan el acercamiento a la China comunista, el acuerdo sobre limitaciones de armamento estratégico negociado con la Unión Soviética o el cese al fuego en la Guerra de Vietnam. El multigalardonado periodista Seymour M. Hersh, quien por este libro fue premiado por el Círculo Nacional de Críticos de Estados Unidos y el diario Los Angeles Times, recapitula que aún en los momentos de mayores protestas por los métodos y la ética de la administración Nixon, la política exterior gozó del favor de la opinión pública nacional, pero conforme desarrollaba su proceso de investigación se percató de que incluso los servidores públicos entrevistados ofrecían una percepción crucialmente diferente acerca de la actuación exterior de este gobierno norteamericano. Sin contar con la colaboración de Nixon y Kissinger, quienes rechazaron ser entrevistados, Hersh persigue el propósito de describir dichas diferencias y sus costos, tanto para los participantes como para la nación. 
649 |a XX 
650 |a Ministros de Estado Norteamericanos -  |x Biografías 
650 |a Políticos Norteamericanos -  |x Biografías 
650 |a Política Exterior -  |z EUA -  |x Historia -  |y 1969-1974 -  |x Tema Principal 
650 |a Política Exterior -  |z EUA -  |x Historia -  |y Siglo XX 
650 |a Política -  |z EUA -  |x Historia -  |y 1969-1974 
650 |a Política -  |z EUA -  |x Historia -  |y Siglo XX 
650 |a Kissinger, Henry A. -  |x Tema Principal 
910 |a Fondo General 
920 |a Impresos - Libros 
930 |a Colección General 
905 |a 101 
901 |a 0500122980  |b IT1  |c ACC  |u 20250521 
902 |a https://opac.biblio.iteso.mx/vufind/Record/000182973